000 01049nam a22003137a 4500
003 CHAP
005 20220329140449.0
008 971013s1979 r 00010 d
010 _a52347
011 _a53319
035 _a57469
040 _cCHAP
090 _aFolleto 6550
100 0 0 _aPorterfield, Richard L.
_990995
245 _aImpacts of the changing quality of timber resources
_b: proceedings of a joint meeting of the ...
260 _aMadison, Wis. :
_bForest Products Research Society,
_c(1979)
300 _a49 p.
_b: ilus. ; mapas ; gráfs.
490 _aProceedings
_v; P-78-21
590 _aBATCH-UPD
_b10
_c20130110
_lUCH01
_h0825
590 _aCONVERSION
_b10
_c20130109
_lUCH01
_h1328
650 1 4 _aBosques
_xE.U.A.
_914129
650 1 4 _aIndustrias forestales
_xE.U.A.
_957988
650 1 4 _aRecursos forestales
_xE.U.A.
_995046
710 0 _aForest Products Research Society.
_942327
830 0 _aProceedings
_v; P-78-21
_991715
901 _aBK
942 _cFOLL
949 _aFolleto 6550
_bBC
_cFOLL
_d-125001
_eTS1
_i57469
_si
999 _c52347
_d52347